Simulation model of Permanent Magnet Synchronous Motor in phase loss operation mode; Journal of Economics and Social Sciences; № 16
| Parent link: | Journal of Economics and Social Sciences: electronic scientific journal.— , 2012-.— 2312-2978 № 16.— 2020.— [4 p.] |
|---|---|
| Hovedforfatter: | |
| Institution som forfatter: | |
| Summary: | Title screen There is a need to prevent technological accidents and minimize irreparable economic losses at important critical technologies and hazardous production facilities (HEP). The requirements for operational safety which could limit the risks of undesirable modes during the operation of nuclear, chemical, construction, metallurgical and other facilities are determining factors in the survivability criteria of the main technological equipment. Thus, in the production of defense products, there are rigorous conditions for the implementation of technological processes when creating products: "a particularly responsible technological process, as a technological process, a violation of which can lead to the failure of defense products or to a change (loss) in its functional properties" |
| Sprog: | engelsk |
| Udgivet: |
2020
|
| Serier: | Экономические науки |
| Fag: | |
| Online adgang: | http://earchive.tpu.ru/handle/11683/62036 |
| Format: | MixedMaterials Electronisk Book Chapter |
| KOHA link: | https://koha.lib.tpu.ru/cgi-bin/koha/opac-detail.pl?biblionumber=585411 |
MARC
| LEADER | 00000naa2a2200000 4500 | ||
|---|---|---|---|
| 001 | 585411 | ||
| 005 | 20231101131253.0 | ||
| 035 | |a (RuTPU)RU\TPU\prd\287849 | ||
| 035 | |a RU\TPU\prd\287848 | ||
| 090 | |a 585411 | ||
| 100 | |a 20200625a2020 k y0engy50 ba | ||
| 101 | 0 | |a eng | |
| 102 | |a RU | ||
| 135 | |a drcn ---uucaa | ||
| 181 | 0 | |a i | |
| 182 | 0 | |a b | |
| 200 | 1 | |a Simulation model of Permanent Magnet Synchronous Motor in phase loss operation mode |f P. E. Tinnikov | |
| 203 | |a Text |c electronic | ||
| 215 | |a 1 файл (530 Кб) | ||
| 225 | 1 | |a Экономические науки | |
| 230 | |a Электронные текстовые данные (1 файл : 530 Кб) | ||
| 300 | |a Title screen | ||
| 320 | |a [References: 3 tit.] | ||
| 330 | |a There is a need to prevent technological accidents and minimize irreparable economic losses at important critical technologies and hazardous production facilities (HEP). The requirements for operational safety which could limit the risks of undesirable modes during the operation of nuclear, chemical, construction, metallurgical and other facilities are determining factors in the survivability criteria of the main technological equipment. Thus, in the production of defense products, there are rigorous conditions for the implementation of technological processes when creating products: "a particularly responsible technological process, as a technological process, a violation of which can lead to the failure of defense products or to a change (loss) in its functional properties" | ||
| 461 | 1 | |0 (RuTPU)RU\TPU\prd\225573 |x 2312-2978 |t Journal of Economics and Social Sciences |o electronic scientific journal |d 2012- | |
| 463 | 1 | |0 (RuTPU)RU\TPU\prd\287831 |t № 16 |v [4 p.] |d 2020 | |
| 610 | 1 | |a труды учёных ТПУ | |
| 610 | 1 | |a электронный ресурс | |
| 610 | 1 | |a electric motor | |
| 610 | 1 | |a permanent magnet synchronous motor (PMSM) | |
| 610 | 1 | |a mathematical model | |
| 700 | 1 | |a Tinnikov |b P. E. |g Pavel | |
| 712 | 0 | 2 | |a School of Energy & Power Engineering, Tomsk Polytechnic University |
| 801 | 1 | |a RU |b 63413507 |c 20090623 |g PSBO | |
| 801 | 2 | |a RU |b 63413507 |c 20200702 |g PSBO | |
| 856 | 4 | 0 | |u http://earchive.tpu.ru/handle/11683/62036 |
| 942 | |c BK | ||